000
00223nam a22000857a 4500
008
160916b xxu||||| |||| 00| 0 eng d
100
_9
592
_a
Kumar.K.A.etal
245
_a
Science-6
260
_a
New Delhi
_b
S. Chand Publications
_c
2007
999
_c
3248
_d
3248